| 000 | 00647cam a22002293a 4500 | ||
|---|---|---|---|
| 001 | 39723 | ||
| 003 | PGUSA | ||
| 005 | 20140828083902.0 | ||
| 008 | 120518s2012||||xxu|||||s|||||000 | eng d | ||
| 040 |
_aPGUSA _beng |
||
| 042 | _adc | ||
| 100 | 1 |
_aFiguier, Louis, _d1819-1894 |
|
| 245 | 1 | 4 |
_aThe World Before the Deluge _h[electronic resource] / _cLouis Figuier |
| 260 |
_bProject Gutenberg, _c2012 |
||
| 506 | _aPublic domain in the USA. | ||
| 516 | _aElectronic text | ||
| 653 | _aGeology, Stratigraphic | ||
| 700 | 1 | _aBristow, H. W. | |
| 830 | 0 |
_aProject Gutenberg _v39723 |
|
| 856 | 4 | 0 | _uhttp://www.gutenberg.org/ebooks/39723 |
| 942 | _cEB | ||
| 999 |
_c268976 _d268976 |
||